|
|
|
|
| LEADER |
00000nam0a2200000 4500 |
| 001 |
304423 |
| 005 |
20231102001711.0 |
| 035 |
|
|
|a (RuTPU)RU\TPU\book\329670
|
| 090 |
|
|
|a 304423
|
| 100 |
|
|
|a 20150914d1981 k y0rusy5003 ca
|
| 101 |
0 |
|
|a rus
|
| 102 |
|
|
|a RU
|
| 105 |
|
|
|a a z 001zy
|
| 200 |
1 |
|
|a Динамика инерционных трансформаторов, приводов и устройств
|e [сборник статей]
|f Челябинский политехнический институт (ЧелПИ) ; под ред. А. И. Леонова
|
| 210 |
|
|
|a Челябинск
|c Изд-во ЧПИ
|d 1981
|
| 215 |
|
|
|a 151 с.
|c ил.
|d 21 см
|
| 225 |
1 |
|
|a Тематический сборник научных трудов [Челябинского политехнического института]
|a № 261
|
| 320 |
|
|
|a Библиография в конце статей
|
| 606 |
1 |
|
|a Передачи бесступенчатые инерционные
|2 stltpush
|3 (RuTPU)RU\TPU\subj\73643
|9 86526
|
| 610 |
1 |
|
|a внедрение
|
| 610 |
1 |
|
|a инерционные трансформаторы
|
| 610 |
1 |
|
|a применение
|
| 610 |
1 |
|
|a гайковерты
|
| 610 |
1 |
|
|a буровые установки
|
| 610 |
1 |
|
|a инерционные приводы
|
| 610 |
1 |
|
|a импульсные вариаторы
|
| 610 |
1 |
|
|a серийное производство
|
| 610 |
1 |
|
|a машинные агрегаты
|
| 610 |
1 |
|
|a математические модели
|
| 610 |
1 |
|
|a нелинейные колебания
|
| 610 |
1 |
|
|a механизмы свободного хода
|
| 610 |
1 |
|
|a динамика
|
| 675 |
|
|
|a 621.83.06
|z rus
|v 4
|
| 702 |
|
1 |
|a Леонов
|b А. И.
|g Анатолй Иванович
|4 340
|
| 712 |
0 |
2 |
|a Челябинский политехнический институт (ЧелПИ)
|c (1951-1990)
|2 stltpush
|3 (RuTPU)RU\TPU\col\7924
|
| 801 |
|
0 |
|a RU
|b RuMRKP
|c 19950704
|g psbo
|
| 801 |
|
1 |
|a RU
|b 63413507
|c 20150914
|
| 801 |
|
2 |
|a RU
|b 63413507
|c 20171004
|g RCR
|
| 942 |
|
|
|c BK
|